000 00345nam a22001577a 4500
003 MACL
005 20151118133100.0
008 151118b xxu||||| |||| 00| 0 eng d
040 _cMACL
041 _aEnglish
082 _a080
100 _aVenkat,Raj R.S.
_917427
245 _aLife Quotations
650 _aMotivativ
_9126
942 _2ddc
_cBK
999 _c50655
_d50655